Statistics for Capitals with Letters Missing #2

Click here to take the quiz!

General Stats

  • This quiz has been taken 40 times
  • The average score is 15 of 30

Answer Stats

HintCapital% Correct
_I_VKiev
95%
_A_S_WWarsaw
90%
_S_OOslo
82%
_H_K_Dhaka
74%
_C_R_Accra
67%
_I_ALima
67%
_P_AApia
64%
_S_G_B_TAshgabat
64%
_R_S_E_SBrussels
62%
_E_L_NBerlin
59%
_J_B_J_N_Ljubljana
59%
_T_A_AOttawa
59%
_O_O_ADodoma
51%
_O_ADoha
51%
_U_T_Quito
46%
_E_M_P_NBelmopan
44%
_A_R_DMadrid
44%
_A_R_BZagreb
44%
_T_E_SAthens
41%
_A_R_Cairo
41%
_I_G_T_NKingston
41%
_I_S_Minsk
38%
_U_I_Tunis
38%
_R_G_EPrague
36%
_A_A_E_OSarajevo
36%
_M_A_Amman
33%
_E_E_A_Yerevan
31%
_A_U_Kabul
21%
_A_G_O_Bangkok
18%
_A_A_T_Jakarta
15%

Score Distribution

Percentile by Number Answered

Percent of People with Each Score

Your Score History

You have not taken this quiz